রাঙ্গা প্রভাত / (Record no. 41007)
[ view plain ]
| 000 -LEADER | |
|---|---|
| fixed length control field | 00776nam a2200229 a 4500 |
| 001 - CONTROL NUMBER | |
| control field | 41007 |
| 003 - CONTROL NUMBER IDENTIFIER | |
| rucl marc code | BD-RjUL |
| 005 - DATE AND TIME OF LATEST TRANSACTION | |
| control field | 20211209053319.0 |
| 008 - FIXED-LENGTH DATA ELEMENTS--GENERAL INFORMATION | |
| fixed length control field | 160514s1960 bg ||||| |||| 00| f ben d |
| 020 ## - INTERNATIONAL STANDARD BOOK NUMBER | |
| Terms of availability | Tk. 4.00 |
| 035 ## - SYSTEM CONTROL NUMBER | |
| System control number | (BD-RjUL)41123 |
| 040 ## - CATALOGING SOURCE | |
| Original cataloging agency | BD-RjUL |
| Language of cataloging | ben |
| Transcribing agency | BD-RjUL |
| Modifying agency | BD-RjUL |
| 041 ## - LANGUAGE CODE | |
| Language code of text/sound track or separate title | ben |
| 082 ## - DEWEY DECIMAL CLASSIFICATION NUMBER | |
| Edition number | 23 |
| Classification number | 891.443 |
| Author mark and year | FAR 1960 |
| 100 ## - MAIN ENTRY--PERSONAL NAME | |
| Personal name | ফজল, আবুল |
| 9 (RLIN) | 126193 |
| 245 10 - TITLE STATEMENT | |
| Title | রাঙ্গা প্রভাত / |
| Statement of responsibility, etc. | আবুল ফজল |
| 260 ## - PUBLICATION, DISTRIBUTION, ETC. (IMPRINT) | |
| Place of publication, distribution, etc. | চট্টগ্রাম : |
| Name of publisher, distributor, etc. | সৈয়দ মোহাম্মদ শফি, |
| Date of publication, distribution, etc. | ১৯৬০ (১৩৬৭) |
| 300 ## - PHYSICAL DESCRIPTION | |
| Pagination | ২৬১ পৃ. ; |
| Size | ১৮ সেমি. |
| 650 ## - SUBJECT ADDED ENTRY--TOPICAL TERM | |
| Topical term or geographic name as entry element | বাংলা উপন্যাস |
| 9 (RLIN) | 126194 |
| Topical term or geographic name as entry element | Bengali Fiction |
| 9 (RLIN) | 126195 |
| 942 ## - ADDED ENTRY ELEMENTS (KOHA) | |
| Source of classification or shelving scheme | Dewey Decimal Classification |
| Koha item type | Books |
| Lost status | Source of classification or shelving scheme | Damaged status | Not for loan | Collection code | Permanent Location | Current Location | Shelving location | Date acquired | Source of acquisition | Cost, normal purchase price | Total Checkouts | Full call number | Date last seen | Copy number | Koha item type |
|---|---|---|---|---|---|---|---|---|---|---|---|---|---|---|---|
| Dewey Decimal Classification | Fiction | Central Library, University of Rajshahi | Central Library, University of Rajshahi | 26/11/1962 | Orient Library | 4.00 | B 891.443 FAR 1960 | 14/05/2016 | C-2 | Books | |||||
| Dewey Decimal Classification | Fiction | Central Library, University of Rajshahi | Central Library, University of Rajshahi | 20/01/196 | Faruque library | 4.00 | B 891.443 FAR 1960 | 17/07/2016 | C-3 | Books |